Every country quiz Day3 - Statistics

General Stats
  • This quiz has been taken 17 times
  • The average score is 6 of 11
Answer Stats
Hint Answer % Correct
Language Spanish
100%
Border country Argentina
88%
Capital Asuncion
88%
Brazil
88%
Bolivia
82%
Religion Christianity
65%
Demonym Paraguayan
53%
President Mario Abdo Benitez
18%
Paraguay river
12%
Currency Guarani (PYG)
6%
Main river Parana river
6%
No matching quizzes found
Score Distribution
Percent of People with Each Score
Percentile by Number Answered
Your Score History
You have not taken this quiz